000 00335nam a2200133Ia 4500
008 240624s9999 xx 000 0 und d
041 _aeng
082 _a333.91 ECH
100 _aECHTERNACHT LAURA
245 _aPRICING URBAN WATER EVALUATION OF ECONOM
260 _c2014
_aVaranasi
_bSpringer
300 _a100 p.
365 _cERU
_b30
999 _c31372
_d31372